The chariot of Israel : (Record no. 4162)
[ view plain ]
| 000 -LEADER | |
|---|---|
| fixed length control field | 00975cam a2200277 a 4500 |
| 001 - CONTROL NUMBER | |
| control field | 3316665 |
| 003 - CONTROL NUMBER IDENTIFIER | |
| control field | OSt |
| 005 - DATE AND TIME OF LATEST TRANSACTION | |
| control field | 20181129155042.0 |
| 008 - FIXED-LENGTH DATA ELEMENTS--GENERAL INFORMATION | |
| fixed length control field | 841126s1984 njub b 000 0beng |
| 010 ## - LIBRARY OF CONGRESS CONTROL NUMBER | |
| LC control number | 84080766 |
| 020 ## - INTERNATIONAL STANDARD BOOK NUMBER | |
| International Standard Book Number | 0915540339 (pbk.) : |
| Terms of availability | $4.95 |
| 040 ## - CATALOGING SOURCE | |
| Original cataloging agency | DLC |
| Transcribing agency | DLC |
| Modifying agency | DLC |
| 050 00 - LIBRARY OF CONGRESS CALL NUMBER | |
| Classification number | BS580.E4 |
| Item number | V37 1984 |
| 082 00 - DEWEY DECIMAL CLASSIFICATION NUMBER | |
| Classification number | 222.50 |
| -- | B |
| Edition number | 19 |
| Item number | V317C |
| 100 1# - MAIN ENTRY--PERSONAL NAME | |
| Personal name | Varner, William C. |
| Fuller form of name | (William Clayton), |
| Dates associated with a name | 1947- |
| 245 14 - TITLE STATEMENT | |
| Title | The chariot of Israel : |
| Remainder of title | exploits of the prophet Elijah / |
| Statement of responsibility, etc. | by Will Varner. |
| 250 ## - EDITION STATEMENT | |
| Edition statement | 4th ed. |
| 260 ## - PUBLICATION, DISTRIBUTION, ETC. | |
| Place of publication, distribution, etc. | West Collingswood, N.J. : |
| Name of publisher, distributor, etc. | Friends of Israel Gospel Ministry, |
| Date of publication, distribution, etc. | 1984-1991 |
| 300 ## - PHYSICAL DESCRIPTION | |
| Extent | 148 p. : |
| Other physical details | maps ; |
| Dimensions | 21 cm. |
| 504 ## - BIBLIOGRAPHY, ETC. NOTE | |
| Bibliography, etc. note | Includes bibliographical references. |
| 600 00 - SUBJECT ADDED ENTRY--PERSONAL NAME | |
| Personal name | Elijah |
| Titles and other words associated with a name | (Biblical prophet) |
| 630 00 - SUBJECT ADDED ENTRY--UNIFORM TITLE | |
| Uniform title | Bible. |
| Name of part/section of a work | Old Testament |
| Form subdivision | Biography. |
| 630 00 - SUBJECT ADDED ENTRY--UNIFORM TITLE | |
| Uniform title | Bible. |
| Name of part/section of a work | Kings, 1st, XVII, 1-Kings, 2nd, II, 13 |
| General subdivision | Criticism, interpretation, etc. |
| 906 ## - LOCAL DATA ELEMENT F, LDF (RLIN) | |
| a | 7 |
| b | cbc |
| c | orignew |
| d | 3 |
| e | opcn |
| f | 19 |
| g | y-gencatlg |
| 942 ## - ADDED ENTRY ELEMENTS (KOHA) | |
| Source of classification or shelving scheme | Dewey Decimal Classification |
| Koha item type | Books |
| Withdrawn status | Lost status | Source of classification or shelving scheme | Damaged status | Not for loan | Collection code | Home library | Current library | Shelving location | Date acquired | Cost, normal purchase price | Total Checkouts | Full call number | Barcode | Date last seen | Price effective from | Koha item type |
|---|---|---|---|---|---|---|---|---|---|---|---|---|---|---|---|---|
| Dewey Decimal Classification | Not For Loan | Non-fiction | Harvest Mission College | Harvest Mission College | General Stacks | 29.11.2018 | 180.00 | 222.50 V317C | 004752 | 29.11.2018 | 29.11.2018 | Books |
